000 00326nam a22001337a 4500
008 180903b xxu||||| |||| 00| 0 eng d
020 _a9780205139538
041 _aeng
080 _a316
100 _a50
101 _aSOC
245 _aPersonality Classi9c Theories And Modern Research
_cFriedman.H.H
942 _2udc
_cBK
999 _c47468
_d47468